00826nam a2200193 a 450000500170000000800410001704000270005804100080008504400070009308200160010011000740011624501550019026000920034530000490043765000540048665000170054065000240055770000510058120160115103126.0140317t2002 pe a fr|||| 000 0 spa d aCO-BoIAVH cCO-BoIAVH 0 aspa ape04a628.3bC39s2 aCentro Panamericano de Ingeniería Sanitaria y Ciencias del Ambiente10aSistemas integrados de tratamiento y usos de aguas residuales en América Latina, realidad y potencial :bestudio de viabilidad de Ibagué, Colombia aLima :bCentro Panamericano de Ingeniería Sanitaria y Ciencias del Ambiente ,cc2002. a68 páginas :bIlustraciones ;c28 x 21 cm. 6aTratamiento de aguas residualeszAmérica Latina 6aUso del agua 6aGestión Ambiental1 aVanegas Gálvis, MarioeDirector del proyecto